Škola hry na kytaru pro začátečníky

Hlavní autor: Jirmal, Jiří, 1925-2019
Jazyk: Nelze použít, není lingvistický obsah
Vydáno: Praha : Supraphon, 1987
Vydání: 8. vyd.
Témata:
Fyzický popis: 115 s.
Hudebniny Hudebniny
Uloženo v:
LEADER 00805ncm a22002532a 4500
001 000047988
003 CZ BrMZK
005 20120405132017.0
007 qu
008 951201m19879999xr f zxx d
040 |a BOA001  |b cze 
072 7 |a 787  |x Hudba pro strunné a smyčcové nástroje  |2 Konspekt  |9 9 
080 9 |a 787.61.087.5  |2 MRF 
100 1 |a Jirmal, Jiří,  |d 1925-2019  |7 jk01051892  |4 aut 
245 1 0 |a Škola hry na kytaru pro začátečníky  |h [hudebnina] /  |c Jiří Jirmal 
250 |a 8. vyd. 
260 |a Praha :  |b Supraphon,  |c 1987 
300 |a 115 s. 
910 |a BOA001  |b PK-N-0026.119  |b Mus4-0920.124 
920 |a 000566971 
964 |a Kytara - školy 
990 |a MU 
991 |b 201204 
996 7 |b 3119981610  |c PK-N-0026.119  |l MZK  |r Sklad / do 1 hodiny  |n 16  |w 000047988  |u 000010  |a 1  |e BOA001  |j MZK50  |s A